| 000 | 01215nam a2200265 u 4500 | ||
|---|---|---|---|
| 001 | 000442934 | ||
| 003 | AM-YeHGA | ||
| 005 | 20250617133244.0 | ||
| 008 | 050603s1984 ||||||||||||||||||||rus|d | ||
| 040 | _aAM-YeHGA | ||
| 041 | 1 |
_arus _hita |
|
| 100 | 1 | _aТароцци, Джузеппе | |
| 245 | 1 | 0 |
_aВерди : _b[Жизнь и творчество] : Сокращенный перевод с итальянского / _cД. Тароцци; Перев. И. Константиновой. |
| 260 |
_aМосква : _bМолодая гвардия, _c1984. |
||
| 300 |
_a352 стр. : _b25 л. илл. ; _c21 см. |
||
| 440 | 0 |
_aЖизнь замечательных людей _vВып. 8(648) |
|
| 504 | _aСочинения Д. Верди, стр. 349 | ||
| 504 | _aБиблиография, стр. 350-351 | ||
| 534 |
_pОригинал _aVerdi _tGuiseppe Tarozzi _c(Milano, 1978-1980) |
||
| 600 | 1 | 4 |
_aВерди, Джузеппе Фортунино Франческо _d1813-1901 |
| 650 | 1 | 4 |
_aМузыкальная культура _zИталия |
| 653 | 0 | _aИтальянская музыка - 19 в. | |
| 700 | 1 |
_aКонстантинова, Ирина _eперев. _4trl |
|
| 090 | _c164433 | ||
| 999 |
_c163018 _d163018 |
||